Statistiques concernant Pays hôtes de la coupe du monde de rugby.

Cliquez ici pour prendre le quiz!

Statistiques générales

  • Ce quiz a été pris 80 fois
    (20 depuis la dernière actualisation)
  • Le résultat moyen est 11 sur 11

Statistiques - réponses

Année Vainqueurs Pays hôte(s) % Correct
2007Afrique du SudFrance
100%
1995Afrique du SudAfrique du Sud
100%
2011Nouvelle-ZélandeNouvelle-Zélande
100%
2015Nouvelle-ZélandeAngleterre
100%
2019Afrique du SudJapon
100%
2023...France
100%
1987Nouvelle-ZélandeAustralie
95%
Nouvelle-Zélande
95%
1991AustralieAngleterre
95%
2003AngleterreAustralie
95%
1999AustraliePays de Galles
89%

Distribution des résultats

Percentile by Number Answered

% des personnes avec chaque résultat

Votre développement - résultats

Vous n’avez pas pris ce quiz depuis la dernière actualisation